Sobre el trabajo teórico: dificultades y recursos

Saved in:
Bibliographic Details
Main Author: Althusser, Louis (Author)
Format: Book
Language:Spanish
Published: Barcelona Anagrama 1970
Series:Cuadernos Anagrama. Serie Filosofía. Eugenio Trías, 9
Subjects:
Tags: Add Tag
No Tags, Be the first to tag this record!

MARC

LEADER 00000nam a2200000 a 4500
001 UCX5947
003 CL-VaPUC
008 930316e19700000SP |||||||||||||||||spa|d
082 0 4 |a 335.5  |b ALT  |2 21 
100 0 |a Althusser, Louis  |e author  |9 322305 
245 1 0 |a Sobre el trabajo teórico: dificultades y recursos 
300 |a 59 p 
942 |c BK 
945 |d 19930316 00:00:00 
260 |a Barcelona  |b Anagrama  |c 1970 
650 7 |a MARXISMO  |2 CL-VaPUC  |9 322306 
583 |a last modification  |c 19930316 00:00:00  |k Rodrigo Vera 
490 0 |a Cuadernos Anagrama. Serie Filosofía. Eugenio Trías, 9 
999 |c 226063  |d 226061 
952 |0 0  |1 0  |4 0  |6 335_500000000000000_ALT_1970  |7 0  |8 A  |9 224120  |a BIBHIS  |b BIBHIS  |d 2019-11-15  |i 2929546  |o 335.5 ALT 1970  |p 2929546  |r 2025-01-20  |w 2019-11-15  |y BK  |k HIS